000 00318nam a22001337a 4500
008 181220b xxu||||| |||| 00| 0 eng d
020 _a9780683073195
041 _aeng
080 _22nd
_a616-053.2
100 _a8
101 _aPED
245 _aTextbook of Pediatric Intensive Care
_cRogers,.M.C
942 _2udc
_cBK
999 _c53574
_d53574